Los coleópteros y heterópteros acuáticos y semiacuáticos de la provincia de Albacete (Record no. 66797)

MARC details
000 -LEADER
campo de control de longitud fija 01135nam a2200289 i 4500
001 - NÚMERO DE CONTROL
campo de control 66797
003 - IDENTIFICADOR DE NÚMERO DE CONTROL
campo de control ES-MaACL
005 - FECHA Y HORA DE LA ÚLTIMA TRANSACCIÓN
campo de control 20250821111958.0
007 - CAMPO FIJO DE DESCRIPCIÓN FÍSICA--INFORMACIÓN GENERAL
campo de control de longitud fija t|
008 - DATOS DE LONGITUD FIJA--INFORMACIÓN GENERAL
campo de control de longitud fija 030605s2002 sp ad |||| | spa d
020 ## - NÚMERO INTERNACIONAL ESTÁNDAR DEL LIBRO
Número Internacional Estándar del Libro 84-95394-38-3
080 ## - NÚMERO DE LA CLASIFICACIÓN DECIMAL UNIVERSAL
Número de la Clasificación Decimal Universal 595.75/.76(460.288)
100 1# - ENTRADA PRINCIPAL--NOMBRE DE PERSONA
Nombre de persona Millán, Andrés.
9 (RLIN) 81125
245 14 - MENCIÓN DEL TÍTULO
Título Los coleópteros y heterópteros acuáticos y semiacuáticos de la provincia de Albacete
Resto del título : catálogo faunístico y estudio ecológico /
Mención de responsabilidad, etc. Andrés Millán, José Luis Moreno y Josefa Velasco.
260 ## - PUBLICACIÓN, DISTRIBUCIÓN, ETC.
Lugar de publicación, distribución, etc. Albacete :
Nombre del editor, distribuidor, etc. Instituto de Estudios Albacetenses "Don Juan Manuel",
Fecha de publicación, distribución, etc. 2002.
300 ## - DESCRIPCIÓN FÍSICA
Extensión 180 p. :
Otras características físicas il. col. y n., gráf. ;
Dimensiones 24 cm.
490 1# - MENCIÓN DE SERIE
Mención de serie Serie I--Estudios ;
Designación de volumen o secuencia 140
504 ## - NOTA DE BIBLIOGRAFÍA, ETC.
Nota de bibliografía, etc. Bibliografía: p. [127]-138.
650 14 - PUNTO DE ACCESO ADICIONAL DE MATERIA--TÉRMINO DE MATERIA
Término de materia o nombre geográfico como elemento de entrada Coleópteros-
Subdivisión geográfica Albacete (Provincia)
9 (RLIN) 11142
650 14 - PUNTO DE ACCESO ADICIONAL DE MATERIA--TÉRMINO DE MATERIA
Término de materia o nombre geográfico como elemento de entrada Hemípteros-
Subdivisión geográfica Albacete (Provincia)
9 (RLIN) 13304
700 0# - ENTRADA AGREGADA--NOMBRE PERSONAL
Nombre de persona Moreno, José Luis,
Forma completa/desarrollada del nombre Moreno Alcazar
9 (RLIN) 83292
700 1# - ENTRADA AGREGADA--NOMBRE PERSONAL
Nombre de persona Velasco, Josefa.
9 (RLIN) 113730
710 2# - ENTRADA AGREGADA--NOMBRE DE ENTIDAD CORPORATIVA
Nombre de entidad corporativa o nombre de jurisdicción como elemento de entrada Instituto de Estudios Albacetenses.
9 (RLIN) 4884
830 0# - PUNTO DE ACCESO ADICIONAL DE SERIE-TÍTULO UNIFORME
Título uniforme Serie I--Estudios ;
Designación de volumen o secuencia 140
9 (RLIN) 179228
852 ## - LOCALIZACIÓN
Ubicación ES-MaACL
Número de control de estantería L-27286
Holdings
Estatus retirado Estado de pérdida Estado de daño No para préstamo Biblioteca de origen Biblioteca actual Ubicación en estantería Fecha de adquisición Fuente de adquisición Total de préstamos Signatura topográfica completa Código de barras Visto por última vez Precio de reemplazo Tipo de ítem Koha
        Biblioteca del Ateneo de Madrid Biblioteca del Ateneo de Madrid Depósito 2 17/01/2008     L-27286 1069964 23/02/2023 23/02/2023 Libro impreso